000 00399nam a2200169Ia 4500
003 0100
008 130303s9999 xx 000 0 und d
040 _cARRUPELIB
050 _aBM535.J45
245 _aJewish-Christian relations
260 _aNY
260 _bPaulist Pr.
260 _C1974
300 _a86p
700 _aHeyer, Robert, ed. , New Catholic WorldHeyer, Robert, ed
942 0 0 _01
999 _c30280
_d30280